000 01148nam a22002777a 4500
001 BD-DhSAU 9278
003 BD-DhSAU
005 20230121115519.0
008 150613b2018 bg a|||| m||| 00| 0 eng d
040 _aBD-DhSAU
082 _222
_a338.1
_bH2757
100 _aHASSAN, MD. MAHEDI
_eRegistration No. # 14-06284
245 _aImpact of specialized agricultural credit on onion production in some selected areas of pabna district /
_bMS thesis
260 _aSher-e-Bangla Agricultural University :
_bDepartment of Economics,
_c2021
300 _avii, 65p. :
_bill. ;
_c30 cm.
500 _aMS thesis of Department of Economics, Faculty of Agribusiness , Sher-e-Bangla Agricultural University, Dhaka, Bangladesh
504 _aIncludes bibliographical reference.
590 _aNazmul
650 _aspecialized agricultural credit
650 _aonion production
651 _apabna district
700 _aAssico. Prof. Dr. Ripon Kumar Mondal
_eSuperviser
700 _aProf. Dr. Rokeya Begum
_eCo-superviser
856 _uhttp://archive.saulibrary.edu.bd:8080/xmlui/handle/123456789/4741
942 _2ddc
_cTHESIS
999 _c16537
_d16536